Dom smútku, Pezinok

Uložené v:
Podrobná bibliografia
Hlavný autor: Bedleková, Martina (Autor)
Ďalší autori: Kusý, Martin (Vedúci práce)
Médium: Rukopis Kniha
Jazyk:Slovak
Vydavateľské údaje: Bratislava 2023
Predmet:
On-line prístup:http://is.stuba.sk/zp/portal_zp.pl?podrobnosti=155808
Tagy: Pridať tag
Žiadne tagy, Buďte prvý, kto otaguje tento záznam!

MARC

LEADER 00000ntm a22000003a 4500
001 stuzp94117
003 SK-STU
005 20231004090903.3
007 ta
008 150427s2015----xo-----f-mn---000-0-slo-d
040 |a STU  |b slo 
041 0 |a slo 
100 1 |a Bedleková, Martina  |u 051110  |4 aut  |U FAD Fakulta architektúry a dizajnu  |T FAD Ústav architektúry obytných budov  |X 103736  |U A1110  |Y 392  |7 103736 
242 0 1 |a Funeral Hall, Pezinok  |y eng 
245 1 0 |a Dom smútku, Pezinok 
260 |c 2023  |a Bratislava 
650 4 |a priehľad  |2 slo 
650 4 |a kolumbárium  |2 slo 
650 4 |a pohreb  |2 slo 
650 4 |a dom smútku  |2 slo 
650 4 |a stena  |2 slo 
650 4 |a posledná rozlúčka  |2 slo 
650 4 |a funeral  |2 eng 
650 4 |a columbarium  |2 eng 
650 4 |a wall  |2 eng 
650 4 |a last farewell  |2 eng 
650 4 |a the funreal house  |2 eng 
700 1 |a Kusý, Martin  |u 051110  |k Z8  |4 ths  |U FAD Fakulta architektúry a dizajnu  |T FAD Ústav architektúry obytných budov  |X 3763  |U A1110  |Y 392  |7 A000003763 
856 4 |u http://is.stuba.sk/zp/portal_zp.pl?podrobnosti=155808  |u https://opac.crzp.sk/?fn=detailBiblioForm&sid=C03CB0FBA6588971D13F20D1B6BF